1778 1208 1469 1903 1673 1335 1195 1407 1652 1708 1909 1103 1059 1515 1170 1166 1693 1947 1467 1463 1364 1453 1026 1939 1227 1747 1168 1543 1202 1152 1152 1320 1694 1007 1114 1301 1270 1039 1615 1975 1624 1978 1573 1021 1577 1147 1492 1575 1733 1348 1053 1327 1403 1619 1344 1860 1314 1762 1357 1662 1956 1664 1275 1634 1821 1856 1631 1196 1550 1052 1407 1863 1749 1609 1406 1039 1078 1810 1942 1362 1424 1635 1401 1089 1646 1845 1052 1775 1331 1908 1654 1099 1650 1087 1351 1353 1668 1831 1819 BCNSPRNW ULIB Ver.6.0+V

เปลี่ยนเป็นภาษาไทย

Change to English
 แสดงรายละเอียดบรรณานุกรม
  กลับหน้าหลัก

Brief Record : Get Marc (ISO 2709) : E-mail record : QR code < ปิดหน้าต่าง
LEADER : 00000nam 2200000uu 4500
001    13399112251
003     ULIB
008    110802s2554||||th 000 0 tha d
020    9786162190421
090    นว.^bป526ห 2554
100 0  ปัณณรี
245 00 หัวใจรั้นรัก/^cปัณณรี
260    กรุงเทพฯ:^bอรุณ อ่นใจรัก, ^c2554.
300    243 หน้า
945    ^p195^l0^i18469
995    เกษร
999 ^a ใช้งานได้ทุกระบบ
รายการนี้ยังไม่มีแท็ก
คุณยังไม่ได้ล็อกอิน คุณสามารถมีกิจกรรมร่วมกับเว็บไซต์ได้ แต่ต้องล็อกอินก่อน ::
  ล็อกอิน

รายการสื่อสารสนเทศ

ลำดับที่ ประเภท เลขเรียก/บาร์โค้ด สถานที่ สถานะ
1. นวนิยาย
นวนิยาย
นว. ป526ห 2554  
  Barcode: 18469
ห้องสมุดวิทยาเขตสวรรค์ประชารักษ์
►นวนิยาย
บนชั้น
  ขอยืม

BibComment


ยังไม่เคยถูกคอมเมนท์

คอมเมนท์ทรัพยากรรายการนี้
  คอมเมนท์: หัวใจรั้นรัก ปัณณรี


 Copyright 2026. Bcnsprnw @Library